000 00593nam a2200205 a 4500
001 4979
003 CO-ViMGA
008 141112s2004 ck r 000 u spa d
040 _aCO-ViMGA
_bspa
_cCO-ViMGA
082 0 4 _a292.08 C373ar
100 1 _aCerezales, Agustin
_93177
245 1 0 _aLos argonautas /
_cCerezales Agustin , Cerezales Silvia , Cerazales Miguel
260 _aMadrid :
_banaya,
_c1993
300 _a31 p : il
490 _aEl sendero de los mitos
650 1 4 _aCerezales, Miguel
_93178
650 1 4 _aCerezales, Silvia
_93179
650 1 4 _aMITOLOGIA GRIEGA
942 _2ddc
_cBK
999 _c16981
_d16981